[Event "6th Gibtelecom Masters"]
[Site "Gibraltar ENG"]
[Date "2008.01.29"]
[Round "8"]
[White "Gopal, G."]
[Black "Beliavsky, A."]
[Result "1-0"]
[WhiteElo "2528"]
[BlackElo "2638"]
[PlyCount "133"]
[EventDate "2008.01.22"]
[SourceDate "1999.07.01"]

1. e4 e5 2. Nf3 Nc6 3. Bb5 a6 4. Ba4 Nf6 5. O-O Be7 6. Re1 b5 7. Bb3 O-O 8. c3
d6 9. h3 Re8 10. d4 Bb7 11. Nbd2 Bf8 12. d5 Ne7 13. Nf1 Ng6 14. N3h2 Nd7 15.
Ng3 Nc5 16. Bc2 c6 17. b4 Nd7 18. dxc6 Bxc6 19. Bb3 Nb6 20. Qf3 Nc4 21. Rd1 Bd7
22. Bxc4 bxc4 23. a4 Re6 24. Ng4 Qe8 25. a5 Ba4 26. Re1 Qc6 27. Ne3 Bb5 28. Nd5
Qb7 29. Nf5 Rae8 30. Be3 Ne7 31. Nfxe7+ Bxe7 32. Bb6 Rc8 33. Red1 Bc6 34. Qg4
Bf8 35. Rd2 Rg6 36. Qe2 Bd7 37. Qf3 Be6 38. Be3 Rb8 39. Kh2 Qd7 40. g4 Qd8 41.
Rg1 h6 42. Qe2 Rc8 43. f4 Bxd5 44. exd5 exf4 45. Bxf4 Be7 46. Rd4 Qc7 47. Re4
Bh4 48. Re8+ Kh7 49. Rxc8 Qxc8 50. Qe4 Kg8 51. Rg2 Bg5 52. Re2 Bxf4+ 53. Qxf4
Qd8 54. Qxc4 Rg5 55. Qxa6 Rxd5 56. Qc4 Re5 57. a6 Qf6 58. Ra2 d5 59. Qd4 Qe6
60. Qf2 Re3 61. a7 Qe5+ 62. Kg1 Re1+ 63. Kg2 Qe4+ 64. Qf3 Rg1+ 65. Kxg1 Qb1+
66. Kg2 Qxa2+ 67. Qf2 1-0

[Event "ch-CRO"]
[Site "Split CRO"]
[Date "2008.01.19"]
[Round "4"]
[White "Hulak, K."]
[Black "Kurajica, B."]
[Result "1/2-1/2"]
[WhiteElo "2552"]
[BlackElo "2556"]
[PlyCount "33"]
[EventDate "2008.01.16"]
[SourceDate "1999.07.01"]

1. e4 e5 2. Nf3 Nc6 3. Bb5 a6 4. Ba4 Nf6 5. O-O Be7 6. Re1 b5 7. Bb3 d6 8. c3
O-O 9. h3 Na5 10. Bc2 c5 11. d4 cxd4 12. cxd4 Nc6 13. Nbd2 Nd7 14. d5 Nb4 15.
Bb1 a5 16. a3 Na6 17. b4 1/2-1/2

[Event "I Gedeon Barcza Mem"]
[Site "Budapest HUN"]
[Date "2008.10.27"]
[Round "1"]
[White "Kulaots, K."]
[Black "Romanishin, O."]
[Result "1-0"]
[WhiteElo "2556"]
[BlackElo "2532"]
[PlyCount "83"]
[EventDate "2008.10.27"]
[SourceDate "1999.07.01"]

1. e4 e5 2. Nf3 Nc6 3. Bb5 a6 4. Ba4 Nf6 5. O-O Be7 6. Re1 b5 7. Bb3 d6 8. c3
O-O 9. h3 Na5 10. Bc2 c5 11. d4 Nd7 12. Nbd2 cxd4 13. cxd4 Nc6 14. Nb3 a5 15.
Bd3 a4 16. Bxb5 Qb6 17. Bxc6 Qxc6 18. Nbd2 Bf6 19. Nf1 exd4 20. Nxd4 Qb6 21.
Be3 Qxb2 22. Ng3 Ne5 23. Re2 Qb7 24. Rb1 Qa6 25. Nh5 Be7 26. Nf5 Bxf5 27. exf5
Qc8 28. Nxg7 Bf6 29. Rc1 Qd7 30. Nh5 Qxf5 31. Qxd6 Bh8 32. Ng3 Qg6 33. Rd2 a3
34. Qd5 Rfe8 35. Kh2 Bf6 36. Qb3 Reb8 37. Qd1 Be7 38. f4 Nc6 39. f5 Qf6 40.
Qg4+ Kh8 41. Nh5 Bd6+ 42. Kh1 1-0

[Event "8th Rohde Open"]
[Site "Sautron FRA"]
[Date "2008.11.01"]
[Round "9"]
[White "Carlsson, P."]
[Black "Lafuente, P."]
[Result "1/2-1/2"]
[WhiteElo "2515"]
[BlackElo "2522"]
[PlyCount "49"]
[EventDate "2008.10.25"]
[SourceDate "1999.07.01"]

1. e4 e5 2. Nf3 Nc6 3. Bb5 a6 4. Ba4 Nf6 5. O-O Be7 6. Re1 b5 7. Bb3 d6 8. c3
O-O 9. h3 Nb8 10. d4 Nbd7 11. Nbd2 Bb7 12. Bc2 Re8 13. Nf1 Bf8 14. Ng3 g6 15.
a4 c6 16. Bg5 h6 17. Be3 Qc7 18. Qd2 Kh7 19. b3 Rad8 20. Rad1 Bg7 21. Qc1 c5
22. d5 bxa4 23. bxa4 Nb6 24. Qb1 a5 25. Qa2 1/2-1/2

[Event "I Gedeon Barcza Mem"]
[Site "Budapest HUN"]
[Date "2008.10.27"]
[Round "10"]
[White "Szabo, Krisz1"]
[Black "Romanishin, O."]
[Result "1/2-1/2"]
[WhiteElo "2520"]
[BlackElo "2532"]
[PlyCount "109"]
[EventDate "2008.10.27"]
[SourceDate "1999.07.01"]

1. e4 e5 2. Nf3 Nc6 3. Bb5 a6 4. Ba4 Nf6 5. O-O Be7 6. Re1 b5 7. Bb3 d6 8. c3
O-O 9. h3 Na5 10. Bc2 c5 11. d4 Nd7 12. Nbd2 cxd4 13. cxd4 Nc6 14. Nb3 a5 15.
Bd3 a4 16. Bxb5 Qb6 17. Bxc6 Qxc6 18. Nbd2 Bf6 19. Nf1 exd4 20. Nxd4 Qb6 21.
Be3 Nc5 22. Ng3 g6 23. Rb1 Qa6 24. Re2 Re8 25. Nc2 Be6 26. Nb4 Qb7 27. Nd5 Be5
28. Rd2 Bxd5 29. Rxd5 Bxg3 30. Bxc5 dxc5 31. fxg3 Rxe4 32. Rxc5 Rae8 33. Rc2
Re3 34. Kh2 h5 35. Rbc1 Qb8 36. Rc7 Qxb2 37. Qxa4 h4 38. Qxh4 Re2 39. Rg1 Qxa2
40. Qg4 Qe6 41. Qxe6 R8xe6 42. Rf1 Re7 43. Rxe7 Rxe7 44. g4 Kg7 45. g5 Re5 46.
h4 Rc5 47. Kh3 Rb5 48. Rf3 Rd5 49. g4 Rb5 50. Kg3 Rc5 51. Re3 Rb5 52. Kf4 f5
53. h5 Rb4+ 54. Ke5 Rb5+ 55. Kf4 1/2-1/2

[Event "TCh-ESP CECLUB Final"]
[Site "Motril ESP"]
[Date "2008.11.01"]
[Round "1"]
[White "Volokitin, And"]
[Black "Akopian, Vl"]
[Result "1/2-1/2"]
[WhiteElo "2659"]
[BlackElo "2679"]
[PlyCount "85"]
[EventDate "2008.11.01"]
[SourceDate "1999.07.01"]

1. e4 e5 2. Nf3 Nc6 3. Bb5 a6 4. Ba4 Nf6 5. O-O Be7 6. Re1 b5 7. Bb3 d6 8. c3
O-O 9. h3 Na5 10. Bc2 c5 11. d4 Qc7 12. Nbd2 cxd4 13. cxd4 Nc6 14. Nb3 a5 15.
Be3 a4 16. Nbd2 Bd7 17. Rc1 Qb7 18. Bd3 Rfe8 19. Qe2 Rab8 20. dxe5 Nxe5 21.
Nxe5 dxe5 22. Bc5 Bc6 23. Bxe7 Rxe7 24. Nf3 h6 25. Qc2 Rc8 26. Qc5 Ree8 27. Qb4
Rcd8 28. Bb1 g6 29. a3 Kg7 30. Rc3 Qa8 31. Bd3 Re6 32. Bxb5 Bxb5 33. Qxb5 Nxe4
34. Rc7 Rd5 35. Qb4 Nf6 36. Re7 Rxe7 37. Qxe7 e4 38. Ne5 Qf8 39. Nxg6 Qb8 40.
Nh4 Re5 41. Qb4 Qxb4 42. axb4 Rb5 43. Rd1 1/2-1/2

[Event "38th Olympiad"]
[Site "Dresden GER"]
[Date "2008.11.14"]
[Round "2"]
[White "Ismagambetov, An"]
[Black "Mchedlishvili, M."]
[Result "0-1"]
[WhiteElo "2527"]
[BlackElo "2615"]
[PlyCount "86"]
[EventDate "2008.11.13"]
[SourceDate "1999.07.01"]

1. e4 e5 2. Nf3 Nc6 3. Bb5 a6 4. Ba4 Nf6 5. O-O Be7 6. Re1 b5 7. Bb3 d6 8. c3
O-O 9. h3 Nd7 10. d4 Bf6 11. Be3 Na5 12. Bc2 c5 13. d5 Nc4 14. Bc1 Ncb6 15.
Nbd2 g6 16. Nf1 Bg7 17. g4 c4 18. Ng3 Nc5 19. Be3 a5 20. Qd2 Rb8 21. Kh2 f6 22.
Rg1 Qc7 23. Rg2 Rf7 24. Rag1 Kf8 25. Nh4 Ke8 26. f3 Bf8 27. Rf2 b4 28. Rgf1 b3
29. Bxc5 Qxc5 30. axb3 cxb3 31. Bxb3 Ba6 32. Rd1 Bh6 33. Qe1 Rfb7 34. Ng2 Nd7
35. Ba4 Rxb2 36. Rxb2 Rxb2 37. Rb1 Rxb1 38. Qxb1 Ke7 39. Qc2 Nb6 40. Bc6 Bb5
41. Qb3 Qf2 42. Nf5+ gxf5 43. Qxb5 Be3 0-1

[Event "Russia Cup Final"]
[Site "Serpuhov RUS"]
[Date "2008.11.08"]
[Round "2.2"]
[White "Khairullin, I."]
[Black "Tomashevsky, E."]
[Result "1/2-1/2"]
[WhiteElo "2575"]
[BlackElo "2646"]
[PlyCount "54"]
[EventDate "2008.11.05"]
[SourceDate "1999.07.01"]

1. e4 e5 2. Nf3 Nc6 3. Bb5 a6 4. Ba4 Nf6 5. O-O Be7 6. Re1 b5 7. Bb3 d6 8. c3
O-O 9. h3 Nb8 10. d4 Nbd7 11. Nbd2 Bb7 12. Bc2 Re8 13. a4 Bf8 14. Bd3 c6 15.
Nf1 d5 16. Bg5 dxe4 17. Rxe4 Be7 18. Re2 exd4 19. Nxd4 g6 20. axb5 cxb5 21. Qe1
Rc8 22. Nd2 Nc5 23. Bc2 Qd5 24. N4f3 Qd8 25. Nd4 Qd5 26. N4f3 Qd8 27. Nd4 Qd5
1/2-1/2

[Event "38th Olympiad"]
[Site "Dresden GER"]
[Date "2008.11.22"]
[Round "9"]
[White "Smeets, J."]
[Black "Kotsur, P."]
[Result "1/2-1/2"]
[WhiteElo "2604"]
[BlackElo "2563"]
[PlyCount "66"]
[EventDate "2008.11.13"]
[SourceDate "1999.07.01"]

1. e4 e5 2. Nf3 Nc6 3. Bb5 a6 4. Ba4 Nf6 5. O-O Be7 6. Re1 b5 7. Bb3 d6 8. c3
O-O 9. h3 Nb8 10. d4 Nbd7 11. Nbd2 Bb7 12. Bc2 Re8 13. Nf1 Bf8 14. Ng3 c6 15.
a4 Qc7 16. Be3 Rad8 17. Qb1 h6 18. Bd3 g6 19. Qc2 Rc8 20. Qd2 Kh7 21. b3 Bg7
22. dxe5 dxe5 23. c4 bxa4 24. Rxa4 c5 25. Qc2 Nf8 26. Ne2 Ne6 27. Nc3 Nd4 28.
Qd1 Nd7 29. Nd5 Qd6 30. Bd2 Nc6 31. Nh2 Nd4 32. Nf3 Nc6 33. Nh2 Nd4 1/2-1/2

[Event "38th Olympiad"]
[Site "Dresden GER"]
[Date "2008.11.25"]
[Round "11"]
[White "Smeets, J."]
[Black "Roiz, M."]
[Result "0-1"]
[WhiteElo "2604"]
[BlackElo "2677"]
[PlyCount "150"]
[EventDate "2008.11.13"]
[SourceDate "1999.07.01"]

1. e4 e5 2. Nf3 Nc6 3. Bb5 a6 4. Ba4 Nf6 5. O-O Be7 6. Re1 b5 7. Bb3 d6 8. c3
O-O 9. h3 Nb8 10. d4 Nbd7 11. Nbd2 Bb7 12. Bc2 Re8 13. Nf1 Bf8 14. Ng3 g6 15.
b3 Bg7 16. d5 Rc8 17. c4 c6 18. Be3 Qc7 19. Rc1 b4 20. Qd2 a5 21. Nh4 Kh8 22.
dxc6 Bxc6 23. Rcd1 Bf8 24. f4 Nc5 25. Bf2 Qb7 26. Qe3 Bh6 27. Rxd6 Ne6 28. Qb6
Qxb6 29. Bxb6 exf4 30. Nf1 Bf8 31. Rd2 Bc5+ 32. Bxc5 Nxc5 33. e5 Nfe4 34. Bxe4
Nxe4 35. Rde2 Rxe5 36. Nf3 Re7 37. Ng5 f5 38. Rf2 Rce8 39. Nxe4 Rxe4 40. Rd1 g5
41. g3 fxg3 42. Nxg3 Re1+ 43. Rf1 R1e3 44. Nxf5 Rxh3 45. Rd6 Rh1+ 46. Kf2 Rf8
47. Rxh1 Bxh1 48. Kg1 Rxf5 49. Kxh1 Rf2 50. c5 Rxa2 51. c6 Rc2 52. Rd5 h6 53.
Rxa5 Rxc6 54. Rb5 Kg7 55. Rxb4 Kg6 56. Rb8 Rc2 57. b4 Rb2 58. Rb6+ Kh5 59. Rc6
Rxb4 60. Kg2 g4 61. Kg3 Rb3+ 62. Kg2 Kg5 63. Rc5+ Kh4 64. Rc2 Rb5 65. Ra2 h5
66. Rc2 Kg5 67. Rc8 Rb2+ 68. Kg1 Kh4 69. Rc3 g3 70. Rc4+ Kh3 71. Rc1 h4 72. Ra1
Rb3 73. Rc1 Kg4 74. Kg2 h3+ 75. Kg1 h2+ 0-1

[Event "III Open"]
[Site "Palma de Mallorca ESP"]
[Date "2008.12.12"]
[Round "7"]
[White "Cabrera, Ale"]
[Black "Haslinger, S."]
[Result "1/2-1/2"]
[WhiteElo "2507"]
[BlackElo "2506"]
[PlyCount "73"]
[EventDate "2008.12.06"]
[SourceDate "1999.07.01"]

1. e4 e5 2. Nf3 Nc6 3. Bb5 a6 4. Ba4 Nf6 5. O-O Be7 6. Re1 b5 7. Bb3 d6 8. c3
O-O 9. h3 Na5 10. Bc2 c5 11. d4 Qc7 12. Nbd2 Bd7 13. Nf1 cxd4 14. cxd4 Rac8 15.
Ne3 Nc6 16. d5 Nb4 17. Bb1 a5 18. a3 Na6 19. b4 Qb7 20. Bd2 Bd8 21. Bd3 axb4
22. axb4 Bb6 23. Qe2 Nc7 24. Nc2 Nxe4 25. Qxe4 f5 26. Qh4 e4 27. Be2 exf3 28.
Bxf3 Nxd5 29. Ne3 Bc6 30. Nxd5 Bxd5 31. Re7 Rc7 32. Rxc7 Bxc7 33. Qe7 Bxf3 34.
gxf3 Qd5 35. Ra7 Qxd2 36. Rxc7 Qh6 37. Rd7 1/2-1/2

[Event "1st Asian Clubs"]
[Site "Al Ain UAE"]
[Date "2008.12.28"]
[Round "4"]
[White "Gomez, Joh"]
[Black "Efimenko, Z."]
[Result "0-1"]
[WhiteElo "2519"]
[BlackElo "2680"]
[PlyCount "86"]
[EventDate "2008.12.25"]
[SourceDate "1999.07.01"]

1. e4 e5 2. Nf3 Nc6 3. Bb5 a6 4. Ba4 Nf6 5. O-O Be7 6. Re1 b5 7. Bb3 d6 8. c3
O-O 9. h3 Na5 10. Bc2 c5 11. d3 Re8 12. Nbd2 Bf8 13. Nf1 g6 14. Ne3 Nc6 15. Nh2
Be6 16. Qf3 Bg7 17. Nhg4 Nxg4 18. hxg4 f6 19. g3 Ne7 20. Bb3 Qd7 21. Kg2 a5 22.
Bxe6+ Qxe6 23. Rh1 Rf8 24. Rh2 Rf7 25. Bd2 Raf8 26. c4 f5 27. gxf5 gxf5 28. Qh5
h6 29. Qh3 Qg6 30. cxb5 fxe4 31. Ng4 Nf5 32. Rah1 exd3 33. f3 e4 34. Bxh6 Nxh6
35. Nxh6+ Bxh6 36. Qxh6 Qxh6 37. Rxh6 Rxf3 38. Rg6+ Kf7 39. Rxd6 Ke7 40. Rhh6
Rf2+ 41. Kh3 Rh8 42. Rde6+ Kf7 43. b4 d2 0-1

[Event "ch-BLR"]
[Site "Minsk BLR"]
[Date "2009.01.20"]
[Round "8"]
[White "Zhigalko, A."]
[Black "Teterev, V."]
[Result "1/2-1/2"]
[WhiteElo "2572"]
[BlackElo "2530"]
[PlyCount "96"]
[EventDate "2009.01.13"]
[SourceDate "1999.07.01"]

1. e4 e5 2. Nf3 Nc6 3. Bb5 a6 4. Ba4 Nf6 5. O-O Be7 6. Re1 b5 7. Bb3 d6 8. c3
O-O 9. h3 Na5 10. Bc2 d5 11. exd5 e4 12. Bxe4 Nxe4 13. Rxe4 Bb7 14. d4 Re8 15.
Re1 Qxd5 16. Bf4 Nc4 17. b3 Nd6 18. Qc2 Bc8 19. Re5 Qc6 20. a4 f6 21. axb5 axb5
22. Rc5 Qb7 23. Rxa8 Qxa8 24. c4 bxc4 25. bxc4 c6 26. Bd2 Bd8 27. Nc3 Bb6 28.
Rh5 g6 29. c5 gxh5 30. cxb6 Qa3 31. Bf4 Kg7 32. Ne2 Nf5 33. Qxc6 Qe7 34. Ng3
Nxg3 35. Bxg3 Bb7 36. Qc3 Qe6 37. Bc7 Qd5 38. Nh4 Re4 39. Qg3+ Kf7 40. Nf3 h4
41. Qd6 Qxd6 42. Bxd6 Re6 43. Bc7 Bxf3 44. gxf3 Re1+ 45. Kg2 Rb1 46. d5 Ke7 47.
d6+ Kd7 48. f4 f5 1/2-1/2

[Event "7th Gibtelecom Masters"]
[Site "Caleta ENG"]
[Date "2009.01.31"]
[Round "5"]
[White "Kotronias, V."]
[Black "Roiz, M."]
[Result "1/2-1/2"]
[WhiteElo "2603"]
[BlackElo "2647"]
[PlyCount "152"]
[EventDate "2009.01.27"]
[SourceDate "1999.07.01"]

1. e4 e5 2. Nf3 Nc6 3. Bb5 a6 4. Ba4 Nf6 5. O-O Be7 6. Re1 b5 7. Bb3 d6 8. c3
O-O 9. h3 Nb8 10. d4 Nbd7 11. Nbd2 Bb7 12. Bc2 Re8 13. Nf1 Bf8 14. Ng3 g6 15.
b3 Bg7 16. d5 Rc8 17. c4 c6 18. Be3 Qc7 19. Rc1 b4 20. Qd2 a5 21. Nh2 h5 22.
Nf3 c5 23. a4 Nh7 24. Rf1 Qd8 25. Ne2 Rc7 26. Nh2 Bc8 27. Kh1 Ndf6 28. Rce1 Rb7
29. Ng1 Rbe7 30. Ngf3 Rf8 31. Rg1 Bd7 32. Ng5 Ree8 33. g4 hxg4 34. hxg4 Nxg5
35. Bxg5 Qc8 36. Bxf6 Bxf6 37. g5 Bg7 38. Bd1 Kh7 39. Bg4 Rh8 40. f3 Kg8 41.
Kg2 f5 42. gxf6 Bh6 43. Bxd7 Qxd7 44. Qf2 Bf4 45. Ng4 Kf7 46. Kf1 Rh5 47. Ke2
Reh8 48. Kd1 Rh3 49. Rg2 Qc8 50. Reg1 Rh1 51. Qf1 Rxg1 52. Rxg1 Rh5 53. Qg2 g5
54. Ke2 Qh8 55. Nf2 Rh4 56. Rh1 Rxh1 57. Qxh1 Qxh1 58. Nxh1 Kxf6 59. Kf2 Kg6
60. Kg2 Kh6 61. Kh3 Kh5 62. Nf2 Bd2 63. Ng4 Kg6 64. Kg2 Bf4 65. Kf1 Bd2 66. Ke2
Bf4 67. Nf2 Bc1 68. Ng4 Bf4 69. Kd1 Kg7 70. Ke2 Kg6 71. Ke1 Kg7 72. Kf1 Kg6 73.
Kg2 Bc1 74. Kh3 Bd2 75. Nf2 Kh5 76. Nd3 Be3 1/2-1/2

[Event "Open A"]
[Site "Moscow RUS"]
[Date "2009.02.03"]
[Round "4"]
[White "Amonatov, F."]
[Black "Tseshkovsky, V."]
[Result "0-1"]
[WhiteElo "2647"]
[BlackElo "2542"]
[PlyCount "178"]
[EventDate "2009.01.31"]
[SourceDate "1999.07.01"]

1. e4 e5 2. Nf3 Nc6 3. Bb5 a6 4. Ba4 Nf6 5. O-O Be7 6. Re1 b5 7. Bb3 O-O 8. c3
d6 9. h3 Nd7 10. d4 Bf6 11. Be3 Na5 12. Bc2 Nc4 13. Bc1 c5 14. b3 Ncb6 15. d5
a5 16. a4 b4 17. c4 g6 18. Nbd2 Bg7 19. Nf1 Nf6 20. Ng3 Kh8 21. Nh2 Nbd7 22.
Bg5 h6 23. Be3 Ng8 24. Ra2 Ra7 25. Bb1 Bf6 26. Nf3 Re8 27. Qc1 Kg7 28. Rf1 Qe7
29. Re2 Nf8 30. Nh2 Bg5 31. f4 exf4 32. Bxf4 Bxf4 33. Qxf4 Nd7 34. Ref2 Ne5 35.
Nf3 Nxf3+ 36. Rxf3 Qe5 37. Qd2 Rae7 38. Qf2 f6 39. Ne2 Kh7 40. Nf4 Rg7 41. Rg3
Bd7 42. Bc2 Rc8 43. Nd3 Qe7 44. Qf3 Re8 45. Qf2 Rc8 46. Rf3 Kh8 47. Nf4 Qe5 48.
Nd3 Qe7 49. Bb1 Kh7 50. Kh1 Be8 51. Nf4 Bd7 52. Rg3 Qe5 53. Nd3 Qe7 54. Bc2 Be8
55. Nf4 Qe5 56. Ne6 Re7 57. Nf4 Rg7 58. Re1 Bd7 59. Nd3 Qe7 60. Bb1 Rf8 61. Rf3
Rc8 62. Rf1 Kh8 63. Kg1 Kh7 64. Rxf6 Nxf6 65. Qxf6 Qxe4 66. Qxd6 Qd4+ 67. Kh2
Bf5 68. Rxf5 gxf5 69. Nf4 Rf8 70. Bd3 Rff7 71. Bc2 Qf2 72. Bd3 Qg3+ 73. Kg1
Qe3+ 74. Kh2 Rxg2+ 75. Nxg2 Qxd3 76. Qxc5 f4 77. Nxf4 Qf3 78. Ng2 Rg7 79. Qg1
Qg3+ 80. Kh1 Qxb3 81. Qf2 Qxh3+ 82. Kg1 b3 83. d6 Qd3 84. c5 Qc2 85. c6 Qxf2+
86. Kxf2 b2 87. c7 b1=Q 88. c8=Q Qb2+ 89. Ke3 Qxg2 0-1

[Event "2nd Pfalz Open"]
[Site "Neustadt an der Weinstrasse G"]
[Date "2009.02.21"]
[Round "8"]
[White "Mamedov, Nid"]
[Black "Teterev, V."]
[Result "1-0"]
[WhiteElo "2607"]
[BlackElo "2530"]
[PlyCount "125"]
[EventDate "2009.02.15"]
[SourceDate "1999.07.01"]

1. e4 e5 2. Nf3 Nc6 3. Bb5 a6 4. Ba4 Nf6 5. O-O Be7 6. Re1 b5 7. Bb3 d6 8. c3
O-O 9. h3 Na5 10. Bc2 d5 11. exd5 e4 12. Bxe4 Nxe4 13. Rxe4 Bb7 14. d3 Bxd5 15.
Re1 c5 16. Nbd2 Re8 17. Nf1 Qd6 18. Ne3 Bxf3 19. Qxf3 Qxd3 20. Rd1 Qg6 21. Nd5
Bd6 22. Bf4 Rad8 23. b3 h6 24. Rd2 Nc6 25. Rad1 Bxf4 26. Qxf4 Kh7 27. Kh2 Re4
28. Qg3 Qxg3+ 29. Kxg3 Rd6 30. f3 Re5 31. Kf2 b4 32. c4 g5 33. Nb6 Nd4 34. Na4
Rc6 35. Nxc5 Nxf3 36. Nd7 Nxd2 37. Nxe5 Rf6+ 38. Ke3 Nf1+ 39. Rxf1 Rxf1 40. c5
Rc1 41. Nc4 Re1+ 42. Kd4 Re7 43. c6 Kg6 44. Kd5 f5 45. Kd6 Re8 46. c7 f4 47.
Ne5+ Kf6 48. Ng4+ Kg6 49. Kd7 Rg8 50. c8=Q Rxc8 51. Kxc8 h5 52. Nf2 Kf5 53. Kd7
g4 54. hxg4+ hxg4 55. Kd6 g3 56. Nh3 Ke4 57. Kc5 Ke3 58. Kxb4 f3 59. gxf3 Kxf3
60. Kc3 Kg2 61. Ng5 Kh2 62. Kd2 g2 63. Nf3+ 1-0

[Event "25th Open"]
[Site "Cappelle la Grande FRA"]
[Date "2009.03.06"]
[Round "8"]
[White "Frolyanov, D."]
[Black "Friedel, J."]
[Result "1/2-1/2"]
[WhiteElo "2564"]
[BlackElo "2511"]
[PlyCount "86"]
[EventDate "2009.02.28"]
[SourceDate "1999.07.01"]

1. e4 e5 2. Nf3 Nc6 3. Bb5 a6 4. Ba4 Nf6 5. O-O Be7 6. Re1 b5 7. Bb3 d6 8. c3
O-O 9. h3 Na5 10. Bc2 c5 11. d4 Nd7 12. d5 Nb6 13. Nbd2 g6 14. b4 Nb7 15. Nf1
a5 16. Bh6 Re8 17. Qe2 axb4 18. cxb4 Bd7 19. a3 Nc4 20. bxc5 Nxc5 21. a4 Ra5
22. N3d2 Nb2 23. axb5 Bxb5 24. Qf3 Nbd3 25. Reb1 Rxa1 26. Rxa1 Bg5 27. Bxg5
Qxg5 28. Rb1 Ba6 29. Ne3 Rf8 30. Nec4 f5 31. Bxd3 Bxc4 32. Bxc4 Qxd2 33. exf5
Qc2 34. Rb4 Rxf5 35. Qe3 Rf4 36. Rb8+ Kg7 37. Be2 Re4 38. Qg5 Rf4 39. Qe7+ Rf7
40. Qxd6 Nd7 41. Rb7 Qxe2 42. Rxd7 Qxf2+ 43. Kh2 Qf4+ 1/2-1/2

[Event "16th Voronezh Master Open"]
[Site "?"]
[Date "2012.??.??"]
[Round "5"]
[White "Gabrielian, A."]
[Black "Romanov, E."]
[Result "0-1"]
[WhiteElo "2570"]
[BlackElo "2630"]
[PlyCount "91"]
[EventDate "2012.??.??"]
[SourceDate "1999.07.01"]

1. e4 e5 2. Nf3 Nc6 3. Bb5 a6 4. Ba4 Nf6 5. O-O Be7 6. Re1 b5 7. Bb3 d6 8. c3
O-O 9. h3 Na5 10. Bc2 c5 11. d4 Nd7 12. Nbd2 exd4 13. cxd4 Nc6 14. d5 Nce5 15.
Nxe5 Nxe5 16. a4 Rb8 17. axb5 axb5 18. f4 Ng6 19. Nf3 Bh4 20. Nxh4 Qxh4 21. f5
Ne5 22. Rf1 Bd7 23. Bf4 Qe7 24. Ra7 Rfd8 25. Qh5 f6 26. Rfa1 b4 27. Qd1 Qe8 28.
Ba4 Bxa4 29. R1xa4 Nf7 30. Qd3 Ra8 31. Rxa8 Rxa8 32. Rxa8 Qxa8 33. Qb5 Qd8 34.
Kf2 h6 35. Ke3 Qe7 36. Qb8+ Kh7 37. g4 Ng5 38. Bxg5 hxg5 39. Qc8 Qe5 40. Qe6
Qd4+ 41. Kf3 Qd3+ 42. Kf2 Qc2+ 43. Ke3 Qb3+ 44. Ke2 Qxb2+ 45. Ke3 b3 46. Qe8
0-1

[Event "16th Voronezh Master Open"]
[Site "?"]
[Date "2012.??.??"]
[Round "7"]
[White "Ponkratov, P."]
[Black "Kornev, Alexei"]
[Result "0-1"]
[WhiteElo "2590"]
[BlackElo "2540"]
[PlyCount "104"]
[EventDate "2012.??.??"]
[SourceDate "1999.07.01"]

1. e4 e5 2. Nf3 Nc6 3. Bb5 a6 4. Ba4 Nf6 5. O-O Be7 6. Re1 b5 7. Bb3 d6 8. c3
O-O 9. d4 Bg4 10. Be3 exd4 11. cxd4 Na5 12. Bc2 Nc4 13. Bc1 c5 14. b3 Nb6 15.
Nbd2 Nfd7 16. h3 Bh5 17. Bb2 Re8 18. Rc1 Rc8 19. Bb1 d5 20. dxc5 Nxc5 21. e5
Ne6 22. Bf5 Nd7 23. Rxc8 Qxc8 24. Nf1 Bb4 25. Re3 Qc6 26. Ng3 Bg6 27. Rd3 Nb6
28. Nd4 Nxd4 29. Bxd4 Nc8 30. a3 Bxa3 31. Rc3 Qb7 32. Qg4 Ne7 33. e6 f6 34.
Bxg6 hxg6 35. Ne2 Rc8 36. h4 Rxc3 37. Bxc3 b4 38. Bd4 Qc6 39. Nf4 Qc2 40. g3
Bc1 41. Qe2 Qxe2 42. Nxe2 Bd2 43. Bc5 Nc6 44. Kf1 a5 45. g4 f5 46. h5 gxh5 47.
gxf5 h4 48. Kg2 a4 49. bxa4 b3 50. Ba3 d4 51. Kf3 d3 52. Ng1 Bc1 0-1

[Event "73rd Noteboom Mem"]
[Site "Leiden NED"]
[Date "2013.02.10"]
[Round "6.1"]
[White "Fedorchuk, S."]
[Black "Van den Doel, E."]
[Result "1/2-1/2"]
[WhiteElo "2643"]
[BlackElo "2576"]
[PlyCount "20"]
[EventDate "2013.02.08"]
[SourceDate "1999.07.01"]

1. e4 e5 2. Nf3 Nc6 3. Bb5 a6 4. Ba4 Nf6 5. O-O Be7 6. Re1 b5 7. Bb3 d6 8. c3
O-O 9. h3 h6 10. d3 Re8 1/2-1/2

[Event "13th ch-CRO 2013"]
[Site "Plitvicka Jezera CRO"]
[Date "2013.01.29"]
[Round "9.3"]
[White "Palac, M."]
[Black "Kuljasevic, D."]
[Result "1/2-1/2"]
[WhiteElo "2579"]
[BlackElo "2557"]
[PlyCount "43"]
[EventDate "2013.01.21"]
[SourceDate "1999.07.01"]

1. e4 e5 2. Nf3 Nc6 3. Bb5 a6 4. Ba4 Nf6 5. O-O Be7 6. Re1 b5 7. Bb3 d6 8. c3
O-O 9. h3 Nb8 10. d3 Nbd7 11. Nbd2 Bb7 12. Nf1 Nc5 13. Bc2 Re8 14. Ng3 Bf8 15.
Be3 Ncd7 16. Bb3 d5 17. exd5 Bxd5 18. d4 exd4 19. Nxd4 Nc5 20. Bc2 Bb7 21. b4
Nce4 22. Nxe4 1/2-1/2

[Event "TCh-AUT 2012-13"]
[Site "Graz AUT"]
[Date "2013.01.19"]
[Round "6.2"]
[White "Bauer, Ch"]
[Black "Kuljasevic, D."]
[Result "1/2-1/2"]
[WhiteElo "2639"]
[BlackElo "2561"]
[PlyCount "87"]
[EventDate "2012.11.02"]
[SourceDate "1999.07.01"]
[WhiteTeam "SK Sparkasse Jenbach"]
[BlackTeam "ASVO Signum Siebdruck St.Veit"]

1. e4 e5 2. Nf3 Nc6 3. Bb5 a6 4. Ba4 Nf6 5. O-O Be7 6. Re1 b5 7. Bb3 d6 8. c3
O-O 9. h3 Re8 10. d4 Bb7 11. Nbd2 Bf8 12. a3 h6 13. Ba2 Nb8 14. d5 c6 15. dxc6
Bxc6 16. Nh2 Nbd7 17. Qf3 Nc5 18. Ng4 Ra7 19. Nf1 Nxg4 20. hxg4 Rd7 21. b4 Na4
22. Rd1 Qf6 23. Rd3 Qxf3 24. gxf3 d5 25. exd5 Nb6 26. Ne3 Red8 27. Bb2 Nxd5 28.
Nxd5 Bxd5 29. Rad1 Be6 30. Rxd7 Rxd7 31. Rxd7 Bxd7 32. Bd5 Bc8 33. c4 Bd6 34.
c5 Bc7 35. Bc1 Kf8 36. Kg2 Ke7 37. Bd2 f6 38. Kg3 g5 39. Be4 Kd8 40. Kg2 Be6
41. Bb7 Bc8 42. Bd5 Bd7 43. Be3 Kc8 44. c6 1/2-1/2

[Event "Groningen Open A"]
[Site "Groningen NED"]
[Date "2012.12.27"]
[Round "6.1"]
[White "Van Kampen, R."]
[Black "Ernst, S."]
[Result "0-1"]
[WhiteElo "2570"]
[BlackElo "2562"]
[PlyCount "106"]
[EventDate "2012.12.21"]
[SourceDate "1999.07.01"]

1. e4 e5 2. Nf3 Nc6 3. Bb5 a6 4. Ba4 Nf6 5. O-O Be7 6. Re1 b5 7. Bb3 d6 8. c3
O-O 9. h3 Na5 10. Bc2 c5 11. d4 Qc7 12. Nbd2 Bd7 13. Nf1 Nc4 14. b3 Nb6 15. Ne3
c4 16. Ba3 Rfe8 17. bxc4 Nxc4 18. Nxc4 bxc4 19. Qd2 Rab8 20. Rad1 Bf8 21. Bb4
Bc6 22. Qc1 a5 23. Ba3 Nd7 24. Nh2 exd4 25. Rxd4 Ne5 26. Nf1 Re6 27. Ne3 Rbe8
28. Nd5 Qb7 29. Re3 g6 30. Qd1 Bh6 31. Re2 f5 32. f3 Kh8 33. Kh1 Nd3 34. Bxd3
cxd3 35. Qxd3 Bg7 36. c4 Kg8 37. Bb2 fxe4 38. fxe4 Qf7 39. Qd1 Bxd5 40. Rxd5
Bxb2 41. Rxb2 Rxe4 42. Qf3 Rf4 43. Qg3 Rf1+ 44. Kh2 Qf6 45. Rb3 Qa1 46. Qc3
Rh1+ 47. Kg3 Qg1 48. Rd3 Qh2+ 49. Kf2 Re2+ 50. Kxe2 Qxg2+ 51. Ke3 Rxh3+ 52. Kd4
Rh4+ 53. Ke3 Re4# 0-1

[Event "22nd North American Open"]
[Site "Las Vegas USA"]
[Date "2012.12.27"]
[Round "4.2"]
[White "Shankland, S."]
[Black "Kolev, At1"]
[Result "1/2-1/2"]
[WhiteElo "2595"]
[BlackElo "2585"]
[PlyCount "49"]
[EventDate "2012.12.26"]
[EventType "swiss"]
[SourceDate "1999.07.01"]

1. e4 e5 2. Nf3 Nc6 3. Bb5 a6 4. Ba4 Nf6 5. O-O Be7 6. Re1 b5 7. Bb3 d6 8. c3
O-O 9. h3 Na5 10. Bc2 c5 11. d4 Qc7 12. Nbd2 Re8 13. d5 g6 14. Nf1 Nh5 15. b3
Bd7 16. Be3 Nb7 17. Qd2 c4 18. b4 a5 19. a3 Ra6 20. g4 Ng7 21. Ng3 Rea8 22.
Rac1 Nd8 23. Kh2 f6 24. Rg1 Nf7 25. Ne1 1/2-1/2